Words That Work Both Ways - Statistics

General Stats
  • This quiz has been taken 2,339 times
    2,319 since last reset
  • The average score is 17 of 28
Answer Stats
Hint Answer % Correct
Room cooling system abbreviation air con
81%
After-effect of drinking too much alcohol hangover
81%
90s Nicholas Cage airplane movie Con Air
80%
Part of roof extending beyond the wall overhang
80%
A guy's home hobby and relaxation room man cave
77%
Prehistoric human troglodyte caveman
76%
Restaurant food to go (U.S.) takeout
72%
24 hour break from work day off
71%
Movie mistake for blooper reel outtake
71%
Less successful 24 hours than usual off day
70%
Person who keeps watch for danger lookout
62%
General point of view on life and the future outlook
61%
Pellet shooting firearm e.g. double barreled shotgun
61%
The sound of a rifle firing gunshot
60%
Marty McFly’s hobby time travel
59%
Journey length in hours travel time
59%
Unlocks all the doors in a building master key
58%
Possessed Rick Moranis in Ghostbusters keymaster
57%
Surface for eating, writing and board games tabletop
57%
Bride and groom's place at wedding dinner top table
57%
Strategy to achieve a specific result tactic
56%
Brand of pill-shaped mint Tic Tac
56%
When server could lose game in tennis break point
50%
90s Keanu and Swayze surfing movie Point Break
50%
A delay, or a stopping and robbing of someone holdup
41%
Support or defend e.g. the law uphold
41%
Large spider variety known for quick kills huntsman
34%
Operations to track down fugitives manhunts
34%
No matching quizzes found
Score Distribution
Percent of People with Each Score
Percentile by Number Answered
Your Score History
You have not taken this quiz since the last reset